| 000 | 01588nam a2200253Ia 4500 | ||
|---|---|---|---|
| 003 | PE SENCICO BE | ||
| 005 | 20260323160032.0 | ||
| 008 | 200515s9999 xx 000 0 und d | ||
| 040 |
_aPE SENCICO BE _cPE SENCICO BE |
||
| 041 | _aspa | ||
| 082 |
_a741 _bP93 1978 |
||
| 100 | 1 |
_aPuig Grau, Arnaldo _9610 _eautor |
|
| 245 | 1 | 0 |
_aSíntesis de los estilos arquitectónicos / _cArnaldo Puig Grau |
| 250 | _a11a ed. | ||
| 260 |
_aBarcelona : _bediciones Ceac ; _c1978 |
||
| 300 |
_a218 páginas : _bilustraciones ; _c22 cm. |
||
| 490 | _aMonografías sobre construcción y arquitectura | ||
| 505 | 0 | _aFormas masivas: Egipto -- Sumeria, Caldea, Asiria y Babilonia -- Persia (Aquemenida) -- Creta y MIcenas -- Grecia -- Grecia, orden dórico -- Etruria: estilo etursco -- Roma: orden compuesto -- Roma: orden toscano -- Persia sasanida -- Italia: basílicas cristianas Parromanico español -- Estilo Bizantino -- Estilo Carlingio -- Arabe o musulman -- Formas esbeltas: Románico -- Románico Francia -- Románico: Italia -- Románico: España -- Gótico -- Gótico: Francia -- Gótico. Inglaterra -- Renacimiento -- Renacimiento italiano -- Renacimiento español y portugués -- Barroco -- Barroco francés -- Rococo -- Neoclásico -- Formas exóticas: India -- China -- Japón -- Precolombino -- Formas técnicas: Romanticismo -- Modernismo -- Neoplástico -- Cubismo -- Funcional -- Orgánico | |
| 650 | 1 | 0 |
_aEstilos arquitectónicos _9609 |
| 650 | 2 | 0 |
_aArquitectura _9343 |
| 650 | 2 | 0 |
_aHistoria de la arquitectura _9611 |
| 650 | 2 | 0 |
_aArquitectura antigua _9390 |
| 942 |
_cLIB _2ddc |
||
| 999 |
_c2219 _d2219 |
||